Turkey’s politics; the transition to a multi-party system (Record no. 184265)
[ view plain ]
| 000 -LEADER | |
|---|---|
| fixed length control field | 00732 a2200169 4500 |
| 003 - CONTROL NUMBER IDENTIFIER | |
| control field | Nust |
| 005 - DATE AND TIME OF LATEST TRANSACTION | |
| control field | 20170207153340.0 |
| 040 ## - CATALOGING SOURCE | |
| Transcribing agency | Nust |
| 082 ## - DEWEY DECIMAL CLASSIFICATION NUMBER | |
| Classification number | 329.9 |
| 100 ## - MAIN ENTRY--PERSONAL NAME | |
| Personal name | Karpat, Kemal H. |
| 245 ## - TITLE STATEMENT | |
| Title | Turkey’s politics; the transition to a multi-party system |
| Statement of responsibility, etc. | Kemal H. Karpat |
| 260 ## - PUBLICATION, DISTRIBUTION, ETC. | |
| Place of publication, distribution, etc. | Princeton |
| Name of publisher, distributor, etc. | Princeton University Press |
| Date of publication, distribution, etc. | 1959 |
| 300 ## - PHYSICAL DESCRIPTION | |
| Extent | xii, 522 p. |
| 505 ## - FORMATTED CONTENTS NOTE | |
| Formatted contents note | Background: The Beginning Of Transformation (Page-3), The Struggle For The Establishment Of A Multi Party System: 1946-1950 (Page-137), A New Stage Of Development And New Problems : Ideological And Behavioral Transformation And Party Structure In Turkey After 1946 (Page-245) |
| 538 ## - SYSTEM DETAILS NOTE | |
| System details note | Almirah No.51 ,Shelf No.1 |
| 650 ## - SUBJECT ADDED ENTRY--TOPICAL TERM | |
| Topical term or geographic name entry element | Political parties --Turkey. |
| 942 ## - ADDED ENTRY ELEMENTS (KOHA) | |
| Source of classification or shelving scheme | |
| Koha item type | Book |
| Withdrawn status | Lost status | Source of classification or shelving scheme | Damaged status | Not for loan | Collection code | Permanent Location | Current Location | Date acquired | Total Checkouts | Full call number | Barcode | Date last seen | Price effective from | Koha item type |
|---|---|---|---|---|---|---|---|---|---|---|---|---|---|---|
| Military College of Signals (MCS) | Military College of Signals (MCS) | 12/12/2016 | 329.9 KAR | MCS29455 | 12/08/2016 | 12/12/2016 | Book |
